[Event "Hunan Belt and Road Open 2019"]
[Site "Hunan"]
[Date "2019.08.01"]
[Round "4.23"]
[White "Lagno, Kateryna"]
[Black "Xu, Minghui"]
[Result "1/2-1/2"]
[WhiteElo "2549"]
[BlackElo "2401"]
[Annotator "ChessBase"]
[PlyCount "91"]
[EventDate "2019.07.29"]
[EventType "swiss"]
[EventCountry "CHN"]
[SourceTitle "playchess.com"]
[Source "ChessBase"]
[SourceQuality "1"]
[TimeControl "5400+30"]

1. e4 {[%emt 0:00:00]} e5 {[%emt 0:00:00]} 2. Nf3 {[%emt 0:00:00]} Nc6 {[%emt 0:00:00]} 3. Bb5 {[%emt 0:00:00]} a6 {[%emt 0:00:13]} 4. Ba4 {[%emt 0:00:00]} Nf6 {[%emt 0:00:12]} 5. O-O {[%emt 0:00:00]} Be7 {[%emt 0:00:07]} 6. d3 {[%emt 0:00:07]} b5 {[%emt 0:02:20]} 7. Bb3 {[%emt 0:00:29]} d6 {[%emt 0:00:23]} 8. a4 {[%emt 0:00:09]} b4 {[%emt 0:00:14]} 9. a5 {[%emt 0:00:19]} O-O {[%emt 0:00:24]} 10. Nbd2 {[%emt 0:00:16]} Be6 {[%emt 0:03:43]} 11. Nc4 {[%emt 0:01:08]} Rb8 {[%emt 0:00:26]} 12. c3 {[%emt 0:00:27]} Qc8 {[%emt 0:06:01]} 13. d4 {[%emt 0:01:38]} exd4 {[%emt 0:07:27]} 14. cxd4 {[%emt 0:00:09]} d5 {[%emt 0:00:14]} 15. exd5 {[%emt 0:03:56]} Bxd5 {[%emt 0:02:08]} 16. Nce5 {[%emt 0:01:55]} Qe6 {[%emt 0:16:12]} 17. Bxd5 {[%emt 0:07:27]} Qxd5 {[%emt 0:00:38]} 18. Qe2 {[%emt 0:01:16]} Bd6 {[%emt 0:11:47]} 19. Qxa6 {[%emt 0:24:35]} Nxd4 {[%emt 0:11:24]} 20. Nxd4 {[%emt 0:00:16]} Qxe5 {[%emt 0:00:54]} 21. Nf3 {[%emt 0:00:04]} Qd5 {[%emt 0:04:51]} 22. Qe2 {[%emt 0:01:13]} Rfe8 {[%emt 0:01:57]} 23. Qd1 {[%emt 0:00:29]} Qb5 {[%emt 0:07:44]} 24. a6 {[%emt 0:05:07]} Ra8 {[%emt 0:02:11]} 25. Qa4 {[%emt 0:00:35]} Qxa4 {[%emt 0:02:26]} 26. Rxa4 {[%emt 0:00:05]} Nd7 {[%emt 0:01:45]} 27. Be3 {[%emt 0:07:54]} Bc5 {[%emt 0:04:44]} 28. Nd4 {[%emt 0:09:40]} Bb6 {[%emt 0:00:22]} 29. Nc6 {[%emt 0:06:20]} Bxe3 {[%emt 0:05:18]} 30. fxe3 {[%emt 0:00:04]} Nc5 {[%emt 0:03:12]} 31. Rxb4 {[%emt 0:10:14]} Rxa6 {[%emt 0:00:27]} 32. Ne7+ {[%emt 0:00:25]} Kf8 {[%emt 0:00:02]} 33. Nd5 {[%emt 0:00:05]} Ne6 {[%emt 0:00:53]} 34. Rb7 {[%emt 0:00:42]} Rc6 {[%emt 0:00:29]} 35. b4 {[%emt 0:00:33]} f6 {[%emt 0:01:08]} 36. e4 {[%emt 0:04:40]} Kg8 {[%emt 0:01:37]} 37. e5 {[%emt 0:00:33]} f5 {[%emt 0:03:09]} 38. Rxf5 {[%emt 0:00:05]} h6 {[%emt 0:00:11]} 39. Rf1 {[%emt 0:02:08]} Rc2 {[%emt 0:00:44]} 40. h3 {[%emt 0:04:05]} Rd8 {[%emt 0:00:44]} 41. Rd1 {[%emt 0:06:09]} Kh7 {[%emt 0:00:48]} 42. Kh2 {[%emt 0:00:55]} Re2 {[%emt 0:00:35]} 43. Nc3 {[%emt 0:03:29]} Rxd1 {[%emt 0:00:06]} 44. Nxe2 {[%emt 0:00:10]} Re1 {[%emt 0:00:18]} 45. Nc3 {[%emt 0:00:49]} Rxe5 {[%emt 0:00:15]} 46. b5 {[%emt 0:01:11]} 1/2-1/2

[Event "Hunan Belt and Road Open 2019"]
[Site "Hunan"]
[Date "2019.08.01"]
[Round "4.24"]
[White "Najer, Evgeniy"]
[Black "Xie, Jianjun"]
[Result "1-0"]
[WhiteElo "2678"]
[BlackElo "2417"]
[Annotator "TA"]
[PlyCount "121"]
[EventDate "2019.07.29"]
[EventType "swiss"]
[EventCountry "CHN"]
[SourceTitle "playchess.com"]
[Source "ChessBase"]
[SourceQuality "1"]

{[%evp 9,127,20,29,22,44,34,20,17,35,16,20,26,24,-2,5,0,20,17,13,12,52,46,70,67,78,68,69,76,70,64,72,70,75,72,79,78,72,77,77,69,71,69,75,69,81,63,58,51,52,59,74,51,74,58,58,58,68,97,246,246,275,261,649,647,651,651,637,514,628,620,609,594,556,371,465,318,393,349,372,99,300,241,325,316,325,277,241,176,262,173,374,352,406,395,380,330,563,545,985,1001,1536,1369,29967,29971,29971,29972,29972,29973,29973,29974,29972,644,29977,29976,29976,29977,29976,29977,29991,29992]} 1. d4 f5 2. Bf4 Nf6 3. e3 e6 4. Be2 (4. Nf3 Be7 5. h3 O-O 6. c4 d6 7. Nc3 Qe8 8. Be2 Nc6 9. Bh2 Bd7 10. a3 Qg6 11. Nh4 Qh6 12. Nf3 Qg6 13. Rg1 Ne4 {1-0 (59) Sjugirov,S (2663)-Amin,B (2710) St Petersburg 2018}) 4... Be7 5. c4 O-O 6. Nc3 {A80: Dutch Defence: Unusual White second moves} d6 7. Nh3 Qe8 $146 ({Predecessor:} 7... Nc6 8. d5 Nb4 9. a3 Na6 10. dxe6 Nc5 11. O-O Nxe6 {½-½ (45) Hjorth,J (2047)-Bowen,F (1979) ICCF email 2016}) 8. Bg3 {The position is equal.} Bd8 9. f4 c6 10. O-O Nbd7 11. Kh1 d5 12. Bh4 Nb6 13. c5 Nbd7 14. Nf2 Bc7 15. b4 $36 {[%mdl 2048] White has the initiative.} Ne4 16. Nfxe4 fxe4 17. b5 Nf6 18. bxc6 bxc6 19. Rb1 Kh8 20. Qa4 a5 21. Qc2 Ng8 22. Na4 Nh6 23. Nb6 Ra7 24. Nxc8 Qxc8 25. g4 Ng8 26. Qa4 Qa8 27. Rb2 Rb7 28. Rfb1 Rxb2 29. Rxb2 Rb8 30. Rb3 Rxb3 31. axb3 Qb7 32. Kg2 g6 33. Be1 Kg7 (33... h6 $16) 34. Bxa5 $18 Bxa5 35. Qxa5 Qxb3 $2 {[#]} (35... Ne7 36. b4 Kf7) 36. Qc7+ Kf8 37. Kf2 Ne7 38. Qe5 Kf7 39. Qh8 Qb1 40. Qxh7+ Ke8 41. Qh3 Kd7 42. Qf1 Qb2 43. Qd1 Ke8 44. Ke1 $2 (44. h4 $18 {has better winning chances.}) 44... Kf7 $2 (44... g5 $16) 45. Qd2 Qa3 46. Kf2 Qa1 {intending ...Qh1.} 47. Bd1 Qb1 48. h3 Qa1 (48... g5 {keeps fighting.} 49. fxg5 Ng6) 49. Qc2 Qa3 $2 (49... g5) 50. Qb1 Qc3 51. Be2 Qa3 52. h4 Qc3 $2 (52... Qa8 53. Qh1 Qh8) 53. Qh1 Kg7 54. h5 gxh5 55. Qxh5 Qc1 56. f5 exf5 57. gxf5 Qd2 58. Qg5+ ({Not} 58. Qe8 Nxf5 59. Qd7+ Kg6 $11) 58... Kf7 59. Qf4 Qa2 60. Qe5 Kf8 {[#]} 61. Qf6+ {Played: Qe5-d6} 1-0

[Event "Hunan Belt and Road Open 2019"]
[Site "Hunan"]
[Date "2019.08.01"]
[Round "4.25"]
[White "Adhiban, B.."]
[Black "Xiang, Zeyu"]
[Result "0-1"]
[WhiteElo "2665"]
[BlackElo "2447"]
[Annotator "TA"]
[PlyCount "96"]
[EventDate "2019.07.29"]
[EventType "swiss"]
[EventCountry "CHN"]
[SourceTitle "playchess.com"]
[Source "ChessBase"]
[SourceQuality "1"]

{[%evp 12,102,14,21,35,31,35,42,44,52,38,27,19,0,0,0,0,-16,-5,-9,-5,-38,-38,-39,-38,-38,-38,-33,-28,-41,21,-78,-70,-74,-42,-154,-94,-108,-90,-91,-108,-148,-150,-254,-250,-256,-255,-287,-254,-485,-462,-495,-270,-270,-283,-272,-264,-264,-261,-260,-261,-377,-377,-364,-374,-350,-329,-379,-345,-536,-516,-693,-632,-681,-658,-593,-566,-29963,-29965,-29959,-4702,-1084,-902,-29974,-29975,-29975,-29976,-29976,-29977,-29977,-29978,-29978,-29979]} 1. d4 d5 2. c4 e6 3. Nc3 Nf6 4. cxd5 Nxd5 5. e4 Nxc3 6. bxc3 c5 7. Rb1 cxd4 {D35: Queen's Gambit Declined: Exchange Variation} 8. cxd4 Nc6 9. Bb5 a6 {White is slightly better.} 10. Bxc6+ $1 bxc6 11. Nf3 c5 12. Bg5 $146 ({Predecessor:} 12. O-O Be7 13. Qb3 cxd4 14. Rd1 Ra7 15. Bb2 {½-½ (35) Inarkiev,E (2691)-Ma,Q (2645) China 2018}) 12... f6 13. Be3 cxd4 14. Nxd4 e5 15. Nf5 Qxd1+ 16. Rxd1 Be6 17. O-O Bxa2 18. Ra1 Be6 19. Rfb1 a5 $36 {[%mdl 2048] Black has good play.} 20. Rb7 g6 (20... Bxf5 $15 21. exf5 a4) 21. Rb6 (21. Ng7+ $1 $11 Bxg7 22. Rxg7) 21... Bxf5 $17 22. exf5 Be7 23. g4 (23. fxg6 $15 hxg6 24. Ra4) 23... gxf5 (23... a4 $142 24. h3 a3) 24. gxf5 Rg8+ 25. Kf1 a4 26. Rb7 Rg4 $1 27. h3 {[#]} (27. Rab1 $17 {was called for.}) 27... Rc4 $1 $19 28. Ke2 a3 29. Rg1 a2 30. Bh6 $2 {[#]} (30. Ra1 {was forced.}) 30... Bf8 $1 {[%cal Rf8h6]} ({Not} 30... a1=Q 31. Rg8+ Kf7 32. Rg7+ Ke8 33. Rg8+ Kf7 34. Rg7+ Ke8 35. Rg8+ Kf7 $11) 31. Bxf8 a1=Q (31... Kxf8 $142 32. Ra1 Rc2+ 33. Kf1 Ra3) 32. Rxa1 Rxa1 {[%mdl 4096] Endgame KRR-KRB} 33. Bh6 Ra6 34. Be3 Rh4 35. Kf3 Rxh3+ 36. Ke4 (36. Kg2 $142 Rh5 37. Rb8+ Kd7 38. Kg3) 36... Rd6 37. Rb8+ Kd7 38. Rb7+ Kc6 39. Rf7 Rh4+ 40. f4 (40. Kf3 $142) 40... exf4 {[%mdl 64] Overworked Piece} 41. Bxf4 Kc5 42. Rc7+ Rc6 43. Rb7 Ra6 {aiming for ...Ra4+.} 44. Kf3 Ra3+ 45. Be3+ Kc6 46. Rb6+ Kc7 {( -> ...Rxe3+!)} 47. Re6 Rh3+ {Black mates.} 48. Ke2 {[#]} Rhxe3+ {Played: Ra3xe3} 0-1

[Event "Hunan Belt and Road Open 2019"]
[Site "Hunan"]
[Date "2019.08.01"]
[Round "4.26"]
[White "Yeoh, Li Tian"]
[Black "Wang, Yiye"]
[Result "1/2-1/2"]
[WhiteElo "2528"]
[BlackElo "2440"]
[Annotator "RC"]
[PlyCount "116"]
[EventDate "2019.07.29"]
[EventType "swiss"]
[EventCountry "CHN"]
[SourceTitle "playchess.com"]
[Source "ChessBase"]
[SourceQuality "1"]
[TimeControl "5400+30"]

1. g3 {[%emt 0:00:00]} d5 {[%emt 0:01:38]} 2. Nf3 {[%emt 0:00:00]} c6 {[%emt 0:01:53]} 3. Bg2 {[%emt 0:00:00]} Bg4 {[%emt 0:00:29]} 4. d3 {[%emt 0:00:27]} Nd7 {[%emt 0:00:16]} 5. h3 {[%emt 0:00:18]} Bxf3 {[%emt 0:18:07]} 6. Bxf3 {[%emt 0:01:51]} g6 {[%emt 0:00:07]} 7. O-O {[%emt 0:08:41]} Bg7 {[%emt 0:00:12]} 8. c3 {[%emt 0:00:06]} e6 {[%emt 0:00:34]} 9. Nd2 {[%emt 0:01:06]} Ne7 {[%emt 0:00:23]} 10. Bg2 {[%emt 0:01:48]} O-O {[%emt 0:00:48]} 11. Nf3 {[%emt 0:06:49]} a5 {[%emt 0:15:53]} 12. Bd2 {[%emt 0:01:19]} Nf5 {[%emt 0:03:56]} 13. Qc2 {[%emt 0:15:15]} Qb6 {[%emt 0:03:12]} 14. Kh1 {[%emt 0:01:49]} Nd6 {[%emt 0:00:16]} 15. Rad1 {[%emt 0:05:19]} a4 {[%emt 0:22:09]} 16. Bc1 {[%emt 0:20:23]} Qa5 {[%emt 0:09:24]} 17. c4 {[%emt 0:10:00]} Qb6 {[%emt 0:01:46]} 18. e4 {[%emt 0:01:16]} Qc5 {[%emt 0:04:51]} 19. b3 {[%emt 0:09:12]} axb3 {[%emt 0:00:36]} 20. axb3 {[%emt 0:00:06]} d4 {[%emt 0:04:01]} 21. Bd2 {[%emt 0:02:23]} Qa3 {[%emt 0:00:24]} 22. Rb1 {[%emt 0:01:23]} Ra6 {[%emt 0:04:27]} 23. Rfc1 {[%emt 0:01:11]} Rfa8 {[%emt 0:01:20]} 24. Ne1 {[%emt 0:01:40]} Qc5 {[%emt 0:02:21]} 25. Qd1 {[%emt 0:00:12]} Ra2 {[%emt 0:00:32]} 26. Nc2 {[%emt 0:00:20]} Qb6 {[%emt 0:00:08]} 27. Qe2 {[%emt 0:01:03]} Qd8 {[%emt 0:01:24]} 28. Nb4 {[%emt 0:00:47]} R2a3 {[%emt 0:00:06]} 29. Nc2 {[%emt 0:00:27]} Ra2 {[%emt 0:00:04]} 30. f4 {[%emt 0:00:43]} e5 {[%emt 0:00:46]} 31. Nb4 {[%emt 0:00:41]} R2a3 {[%emt 0:00:03]} 32. Nc2 {[%emt 0:02:36]} Ra2 {[%emt 0:00:03]} 33. b4 {[%emt 0:00:54]} Qe7 {[%emt 0:01:52]} 34. Ra1 {[%emt 0:01:28]} Qe8 {[%emt 0:00:19]} 35. Qd1 {[%emt 0:00:58]} R8a7 {[%emt 0:00:55]} 36. c5 {[%emt 0:01:16]} Nb5 {[%emt 0:00:14]} 37. Rxa2 {[%emt 0:00:04]} Rxa2 {[%emt 0:00:02]} 38. Ra1 {[%emt 0:00:09]} Qa8 {[%emt 0:02:18]} 39. Qb1 {[%emt 0:00:14]} Ra4 {[%emt 0:00:13]} 40. h4 {[%emt 0:01:10]} Nf6 {[%emt 0:00:53]} 41. Bh3 {[%emt 0:02:41]} Nh5 42. Kg2 {[%emt 0:00:00]} exf4 {[%emt 0:01:00]} 43. gxf4 {[%emt 0:00:00]} Bh6 {[%emt 0:00:17]} 44. Kf3 {[%emt 0:00:11]} Nc3 {[%emt 0:01:05]} 45. Rxa4 {[%emt 0:01:15]} Qxa4 {[%emt 0:00:14]} 46. Qb2 {[%emt 0:00:03]} Nd1 {[%emt 0:00:37]} 47. Qc1 {[%emt 0:00:21]} Qb3 {[%emt 0:00:44]} 48. Bf1 {[%emt 0:00:08]} Nb2 {[%emt 0:00:34]} 49. Nxd4 {[%emt 0:00:07]} Qa2 {[%emt 0:00:07]} 50. Nc2 {[%emt 0:02:12]} Qb3 {[%emt 0:00:23]} 51. Nd4 {[%emt 0:00:59]} Qa2 {[%emt 0:00:01]} 52. Be2 {[%emt 0:00:22]} Bg7 {[%emt 0:00:07]} 53. Nc2 {[%emt 0:01:06]} Qe6 {[%emt 0:00:38]} 54. Qh1 {[%emt 0:01:34]} Qb3 {[%emt 0:00:49]} 55. Na1 {[%emt 0:00:05]} Qa2 {[%emt 0:00:45]} 56. Qc1 {[%emt 0:00:52]} Qe6 {[%emt 0:00:21]} 57. Qh1 {[%emt 0:00:06]} Qa2 {[%emt 0:00:14]} 58. Qc1 {[%emt 0:00:34]} Qe6 {[%emt 0:00:10]} 1/2-1/2

[Event "Hunan Belt and Road Open 2019"]
[Site "Hunan"]
[Date "2019.08.01"]
[Round "4.27"]
[White "Raja Harshit"]
[Black "Dai, Changren"]
[Result "0-1"]
[WhiteElo "2434"]
[BlackElo "2510"]
[Annotator "ChessBase"]
[PlyCount "132"]
[EventDate "2019.07.29"]
[EventType "swiss"]
[EventCountry "CHN"]
[SourceTitle "playchess.com"]
[Source "ChessBase"]
[SourceQuality "1"]
[TimeControl "5400+30"]

1. e4 {[%emt 0:00:00]} e5 {[%emt 0:00:00]} 2. Nf3 {[%emt 0:00:00]} Nc6 {[%emt 0:00:00]} 3. Bb5 {[%emt 0:00:00]} a6 {[%emt 0:00:00]} 4. Ba4 {[%emt 0:00:05]} d6 {[%emt 0:00:00]} 5. O-O {[%emt 0:01:29]} Bd7 {[%emt 0:00:00]} 6. d4 {[%emt 0:07:16]} Nge7 {[%emt 0:06:02]} 7. c4 {[%emt 0:17:51]} Ng6 {[%emt 0:00:47]} 8. Nc3 {[%emt 0:01:40]} Be7 {[%emt 0:02:24]} 9. Be3 {[%emt 0:03:06]} O-O {[%emt 0:07:13]} 10. Rc1 {[%emt 0:02:47]} Bg4 {[%emt 0:03:32]} 11. Bxc6 {[%emt 0:02:28]} bxc6 {[%emt 0:02:19]} 12. h3 {[%emt 0:01:43]} exd4 {[%emt 0:02:01]} 13. Bxd4 {[%emt 0:00:00]} Be6 {[%emt 0:01:27]} 14. b3 {[%emt 0:01:21]} Qd7 {[%emt 0:03:17]} 15. Be3 {[%emt 0:02:15]} f5 {[%emt 0:04:06]} 16. exf5 {[%emt 0:10:52]} Bxf5 {[%emt 0:00:00]} 17. Kh2 {[%emt 0:02:26]} Rae8 {[%emt 0:03:18]} 18. Nd4 {[%emt 0:01:54]} Bf6 {[%emt 0:01:31]} 19. Nxf5 {[%emt 0:04:26]} Qxf5 {[%emt 0:00:32]} 20. Ne2 {[%emt 0:06:38]} Be5+ {[%emt 0:05:31]} 21. Kh1 {[%emt 0:01:31]} Nh4 {[%emt 0:03:34]} 22. Qc2 {[%emt 0:03:15]} Qf7 {[%emt 0:08:18]} 23. f4 {[%emt 0:06:00]} Bb2 {[%emt 0:02:48]} 24. Qxb2 {[%emt 0:00:16]} Rxe3 {[%emt 0:00:03]} 25. Rf2 {[%emt 0:03:55]} Rfe8 {[%emt 0:02:31]} 26. Rc3 {[%emt 0:00:50]} R3e4 {[%emt 0:08:30]} 27. Qd2 {[%emt 0:01:02]} Qf6 {[%emt 0:04:35]} 28. Ng3 {[%emt 0:01:58]} Re1+ {[%emt 0:01:44]} 29. Kh2 {[%emt 0:00:54]} Nf5 {[%emt 0:01:04]} 30. Nxf5 {[%emt 0:03:07]} Qxf5 {[%emt 0:00:01]} 31. Rc1 {[%emt 0:00:41]} R1e3 {[%emt 0:00:58]} 32. Rc3 {[%emt 0:00:47]} Re1 {[%emt 0:00:31]} 33. Rc1 {[%emt 0:00:06]} R1e4 {[%emt 0:00:09]} 34. Rcf1 {[%emt 0:00:47]} a5 {[%emt 0:01:31]} 35. Qd3 {[%emt 0:00:54]} Qc5 {[%emt 0:02:04]} 36. Qg3 {[%emt 0:00:37]} Qf5 {[%emt 0:01:19]} 37. Qd3 {[%emt 0:00:26]} Qf6 {[%emt 0:00:09]} 38. Qd2 {[%emt 0:01:32]} a4 {[%emt 0:01:53]} 39. Qa5 {[%emt 0:00:40]} axb3 {[%emt 0:00:16]} 40. axb3 {[%emt 0:00:36]} Qf7 41. f5 {[%emt 0:01:44]} c5 {[%emt 0:02:43]} 42. f6 {[%emt 0:01:42]} Re2 {[%emt 0:01:29]} 43. Rxe2 {[%emt 0:01:45]} Rxe2 {[%emt 0:00:03]} 44. Qa8+ {[%emt 0:00:38]} Re8 {[%emt 0:00:04]} 45. Qc6 {[%emt 0:01:04]} Rb8 {[%emt 0:02:03]} 46. Rf4 {[%emt 0:06:02]} gxf6 {[%emt 0:00:30]} 47. Qf3 {[%emt 0:00:30]} Rf8 {[%emt 0:00:58]} 48. g4 {[%emt 0:03:47]} Kg7 {[%emt 0:00:47]} 49. h4 {[%emt 0:00:00]} h6 {[%emt 0:05:57]} 50. Kg3 {[%emt 0:00:00]} Re8 {[%emt 0:00:18]} 51. Re4 {[%emt 0:00:00]} Re5 {[%emt 0:01:30]} 52. Rxe5 {[%emt 0:00:00]} fxe5 {[%emt 0:00:03]} 53. Qe4 {[%emt 0:00:10]} Kf6 {[%emt 0:02:57]} 54. Qc6 {[%emt 0:00:29]} Ke6 {[%emt 0:00:38]} 55. Qd5+ {[%emt 0:00:38]} Ke7 {[%emt 0:00:05]} 56. Qe4 {[%emt 0:00:04]} Kd7 {[%emt 0:01:08]} 57. h5 {[%emt 0:01:06]} Ke6 {[%emt 0:01:23]} 58. Qd5+ {[%emt 0:00:27]} Ke7 {[%emt 0:00:03]} 59. Qe4 {[%emt 0:00:26]} Qf4+ {[%emt 0:01:23]} 60. Qxf4 {[%emt 0:00:03]} exf4+ {[%emt 0:00:06]} 61. Kxf4 {[%emt 0:00:03]} Kf6 {[%emt 0:00:04]} 62. g5+ {[%emt 0:01:32]} hxg5+ {[%emt 0:00:01]} 63. Kg4 {[%emt 0:00:07]} c6 {[%emt 0:00:04]} 64. h6 {[%emt 0:00:10]} Kg6 {[%emt 0:00:15]} 65. h7 {[%emt 0:00:52]} Kxh7 {[%emt 0:00:02]} 66. Kxg5 {[%emt 0:00:07]} Kg7 {[%emt 0:00:07]} 0-1

[Event "Hunan Belt and Road Open 2019"]
[Site "Hunan"]
[Date "2019.08.01"]
[Round "4.28"]
[White "Lei, Tingjie"]
[Black "Fang, Yan"]
[Result "1/2-1/2"]
[WhiteElo "2505"]
[BlackElo "2424"]
[Annotator "ChessBase"]
[PlyCount "98"]
[EventDate "2019.07.29"]
[EventType "swiss"]
[EventCountry "CHN"]
[SourceTitle "playchess.com"]
[Source "ChessBase"]
[SourceQuality "1"]
[TimeControl "5400+30"]

1. e4 {[%emt 0:00:00]} c5 {[%emt 0:00:00]} 2. Nf3 {[%emt 0:00:00]} e6 {[%emt 0:00:00]} 3. d4 {[%emt 0:00:08]} cxd4 {[%emt 0:00:00]} 4. Nxd4 {[%emt 0:00:04]} a6 {[%emt 0:00:14]} 5. c4 {[%emt 0:00:38]} Nf6 {[%emt 0:00:20]} 6. Nc3 {[%emt 0:00:15]} Qc7 {[%emt 0:00:17]} 7. Be2 {[%emt 0:00:41]} b6 {[%emt 0:02:30]} 8. Be3 {[%emt 0:03:48]} Bb7 {[%emt 0:01:51]} 9. f3 {[%emt 0:00:06]} d6 {[%emt 0:11:01]} 10. a4 {[%emt 0:05:06]} Nbd7 {[%emt 0:02:54]} 11. O-O {[%emt 0:04:15]} Be7 {[%emt 0:00:20]} 12. Qd2 {[%emt 0:00:12]} O-O {[%emt 0:01:39]} 13. Rfc1 {[%emt 0:00:50]} Rac8 {[%emt 0:02:01]} 14. a5 {[%emt 0:00:46]} bxa5 {[%emt 0:03:38]} 15. Nb3 {[%emt 0:00:30]} Qb8 {[%emt 0:03:48]} 16. Nxa5 {[%emt 0:02:41]} Ba8 {[%emt 0:00:07]} 17. b4 {[%emt 0:09:21]} d5 {[%emt 0:11:57]} 18. c5 {[%emt 0:03:03]} Qxb4 {[%emt 0:08:16]} 19. Rcb1 {[%emt 0:18:14]} Bxc5 {[%emt 0:00:34]} 20. Rxb4 {[%emt 0:00:18]} Bxb4 {[%emt 0:00:02]} 21. Bd4 {[%emt 0:15:58]} e5 {[%emt 0:01:54]} 22. Qb2 {[%emt 0:00:10]} Rb8 {[%emt 0:18:14]} 23. Nb5 {[%emt 0:06:23]} Bxa5 {[%emt 0:01:08]} 24. Rxa5 {[%emt 0:00:15]} exd4 {[%emt 0:00:26]} 25. Rxa6 {[%emt 0:03:32]} d3 {[%emt 0:17:21]} 26. Bxd3 {[%emt 0:01:58]} Nc5 {[%emt 0:02:16]} 27. Ra3 {[%emt 0:00:16]} Nxd3 {[%emt 0:01:08]} 28. Rxd3 {[%emt 0:00:05]} dxe4 {[%emt 0:00:05]} 29. fxe4 {[%emt 0:00:19]} Bxe4 {[%emt 0:00:09]} 30. Rb3 {[%emt 0:02:00]} h6 {[%emt 0:03:14]} 31. Rb4 {[%emt 0:04:39]} Rfd8 {[%emt 0:02:20]} 32. Nd6 {[%emt 0:01:43]} Rxb4 {[%emt 0:00:40]} 33. Qxb4 {[%emt 0:00:04]} Bg6 {[%emt 0:00:08]} 34. h3 {[%emt 0:00:28]} Kh7 {[%emt 0:00:59]} 35. Kh2 {[%emt 0:03:02]} Rd7 {[%emt 0:01:15]} 36. Qb8 {[%emt 0:00:56]} Ne4 {[%emt 0:03:04]} 37. Nc4 {[%emt 0:00:10]} Nf6 {[%emt 0:01:15]} 38. Ne5 {[%emt 0:02:06]} Rd2 {[%emt 0:00:19]} 39. Qb4 {[%emt 0:01:44]} Rc2 {[%emt 0:00:06]} 40. Nxg6 {[%emt 0:00:19]} fxg6 {[%emt 0:00:04]} 41. Kg3 {[%emt 0:00:21]} Re2 {[%emt 0:00:04]} 42. Kf3 {[%emt 0:00:15]} Re4 {[%emt 0:00:07]} 43. Qb1 {[%emt 0:00:37]} h5 {[%emt 0:00:58]} 44. g3 {[%emt 0:01:06]} g5 {[%emt 0:00:51]} 45. Kf2 {[%emt 0:01:01]} g4 {[%emt 0:00:29]} 46. h4 {[%emt 0:00:10]} Kg8 {[%emt 0:00:23]} 47. Qb3+ {[%emt 0:00:09]} Kh7 {[%emt 0:00:16]} 48. Qb5 {[%emt 0:00:29]} Kg8 {[%emt 0:00:10]} 49. Qf5 {[%emt 0:00:09]} Kh8 {[%emt 0:00:23]} 1/2-1/2

[Event "Hunan Belt and Road Open 2019"]
[Site "Hunan"]
[Date "2019.08.01"]
[Round "4.29"]
[White "Chen, Qi b"]
[Black "Xu, Jun"]
[Result "1-0"]
[WhiteElo "2414"]
[BlackElo "2477"]
[Annotator "ChessBase"]
[PlyCount "69"]
[EventDate "2019.07.29"]
[EventType "swiss"]
[EventCountry "CHN"]
[SourceTitle "playchess.com"]
[Source "ChessBase"]
[SourceQuality "1"]
[TimeControl "5400+30"]

1. e4 {[%emt 0:00:00]} c5 {[%emt 0:00:00]} 2. Nf3 {[%emt 0:00:06]} e6 {[%emt 0:00:00]} 3. g3 {[%emt 0:01:20]} Nc6 {[%emt 0:02:43]} 4. Bg2 {[%emt 0:00:06]} Nf6 {[%emt 0:01:10]} 5. d3 {[%emt 0:00:19]} d5 {[%emt 0:00:10]} 6. Nbd2 {[%emt 0:00:07]} Be7 {[%emt 0:00:15]} 7. O-O {[%emt 0:00:10]} O-O {[%emt 0:01:54]} 8. Re1 {[%emt 0:00:07]} b5 {[%emt 0:00:58]} 9. e5 {[%emt 0:00:20]} Nd7 {[%emt 0:00:07]} 10. Nf1 {[%emt 0:00:06]} Nd4 {[%emt 0:01:41]} 11. Nxd4 {[%emt 0:05:04]} cxd4 {[%emt 0:00:01]} 12. Qg4 {[%emt 0:00:24]} Kh8 {[%emt 0:00:13]} 13. Qxd4 {[%emt 0:00:48]} Qc7 {[%emt 0:00:00]} 14. c4 {[%emt 0:09:14]} Bc5 {[%emt 0:24:37]} 15. Qf4 {[%emt 0:02:14]} bxc4 {[%emt 0:00:28]} 16. dxc4 {[%emt 0:00:06]} Nb6 {[%emt 0:00:04]} 17. Be3 {[%emt 0:17:10]} Bb7 {[%emt 0:12:20]} 18. Bxc5 {[%emt 0:08:17]} Qxc5 {[%emt 0:00:02]} 19. Rec1 {[%emt 0:01:16]} Qb4 {[%emt 0:02:05]} 20. a3 {[%emt 0:02:32]} Qa4 {[%emt 0:01:50]} 21. Ne3 {[%emt 0:08:07]} Qd7 {[%emt 0:00:23]} 22. Rd1 {[%emt 0:02:59]} Rfd8 {[%emt 0:02:09]} 23. Rd4 {[%emt 0:01:44]} Bc6 {[%emt 0:07:22]} 24. b4 {[%emt 0:05:59]} Qe7 {[%emt 0:03:47]} 25. Rad1 {[%emt 0:01:18]} g5 {[%emt 0:04:16]} 26. Qg4 {[%emt 0:02:13]} Nd7 {[%emt 0:02:36]} 27. f4 {[%emt 0:03:48]} gxf4 {[%emt 0:07:46]} 28. Qxf4 {[%emt 0:00:06]} f6 {[%emt 0:04:26]} 29. exf6 {[%emt 0:02:26]} Qf7 {[%emt 0:00:02]} 30. Ng4 {[%emt 0:01:09]} Re8 {[%emt 0:00:07]} 31. Ne5 {[%emt 0:00:22]} Nxe5 {[%emt 0:00:05]} 32. Qxe5 {[%emt 0:00:01]} a5 {[%emt 0:00:28]} 33. b5 {[%emt 0:00:15]} Bd7 {[%emt 0:00:09]} 34. Rg4 {[%emt 0:01:15]} Rg8 {[%emt 0:00:09]} 35. Rxg8+ {[%emt 0:00:10]} 1-0